logo

Bir Sreshtho Munshi Abdur Rouf Library
Jhenaidah Cadet College

পুনশ্চ / (Record no. 13629)

MARC details
000 -LEADER
fixed length control field 00637nam a2200217 a 4500
001 - CONTROL NUMBER
JCCL Control Number 13629
003 - CONTROL NUMBER IDENTIFIER
JCCL marc code BD-JhCC
005 - DATE AND TIME OF LATEST TRANSACTION
control field 20240311134423.0
008 - FIXED-LENGTH DATA ELEMENTS--GENERAL INFORMATION
fixed length control field 240311b 2023b |||| ||a| 001 0 b d
020 ## - INTERNATIONAL STANDARD BOOK NUMBER
International Standard Book Number 9847015401959
035 ## - SYSTEM CONTROL NUMBER
system control number (BD-JhCC)13629
040 ## - CATALOGING SOURCE
Original cataloging agency BD-JhCC
Modifying agency BD-JhCC
041 ## - LANGUAGE CODE
Language code of Book eng
082 ## - DEWEY DECIMAL CLASSIFICATION NUMBER
Classification number 891.4415
Author mark and Year TAG 2023
100 ## - MAIN ENTRY--PERSONAL NAME
Personal name ঠাকুর, রবীন্দ্রনাথ
245 ## - TITLE STATEMENT
Title পুনশ্চ /
Remainder of title রবীন্দ্রনাথ ঠাকুর,
260 ## - PUBLICATION, DISTRIBUTION, ETC. (IMPRINT)
Place of publication, distribution, etc ঢাকা:
Name of publisher, distributor, etc জয় প্রকাশন;
Date of publication, distribution, etc 2023.
300 ## - PHYSICAL DESCRIPTION
Pagination 166 p. :
Dimensions 22 cm
650 ## - SUBJECT ADDED ENTRY--TOPICAL TERM
Topical term or geographic name as entry element Bengali Poem
942 ## - ADDED ENTRY ELEMENTS (KOHA)
Source of classification or shelving scheme Dewey Decimal Classification
Koha item type Books
Holdings
Source of classification or shelving scheme Damaged status Not for loan Home library Current library Shelving location Date of accession Cost, normal purchase price Total Checkouts Full call number Barcode Date last seen Copy number Method of acquisition Koha item type Currency Date checked out
Dewey Decimal Classification     JCC Rouf Library JCC Rouf Library General Stacks   260.00   891.4415 TAG 2023 18943 03/11/2024 C-1 Purchase Books BDT  
Dewey Decimal Classification     JCC Rouf Library JCC Rouf Library General Stacks   260.00 1 891.4415 TAG 2023 18944 07/22/2025 C-2 Purchase Books BDT 05/20/2025

JCC Library | Contacts | JCC Home

Last Update on 23 September 2017
Copyright @ 2017-2020 JCC Rouf Library
Rouf Library, Jhenidah Cadet College (JCC), Bangladesh